000 00291nam a2200109Ia 4500
008 171211s9999 xx 000 0 und d
245 _aLeaflet.js Essentials
245 _cPaul Crickard III
260 _c2014
650 _xSOFTWARE
856 _uhttp://down.ebook777.com/062/9781783554812.pdf
999 _c349338
_d349338